000 00311nam a22001337a 4500
008 181224b xxu||||| |||| 00| 0 eng d
020 _a4037996039956
041 _aeng
080 _a616-053.2
100 _a8
101 _aPED
245 _aIllustrated textbook of Pediatrics
_cLissauer,T
942 _2udc
_cBK
999 _c53707
_d53707